Between kinship and the state (Record no. 35777)
[ view plain ]
| 000 -LEADER | |
|---|---|
| fixed length control field | 00684nam a2200181 a 4500 |
| 008 - FIXED-LENGTH DATA ELEMENTS--GENERAL INFORMATION | |
| fixed length control field | 120416s1988 ||||||||||||||||| || u |
| 020 ## - INTERNATIONAL STANDARD BOOK NUMBER | |
| International Standard Book Number | 9067653802 |
| 050 ## - LIBRARY OF CONGRESS CALL NUMBER | |
| Classification number | HD 7091 Bet |
| 100 ## - MAIN ENTRY--PERSONAL NAME | |
| Personal name | von Benda-Beckmann, F |
| 245 10 - TITLE STATEMENT | |
| Title | Between kinship and the state |
| Statement of responsibility, etc. | edited by F. von Benda-Beckmann |
| 246 ## - VARYING FORM OF TITLE | |
| Title proper/short title | social security and law in developing countries |
| 260 ## - PUBLICATION, DISTRIBUTION, ETC. | |
| Place of publication, distribution, etc. | Dordrecht, Netherlands |
| Name of publisher, distributor, etc. | Foris Publications |
| Date of publication, distribution, etc. | 1988 |
| 300 ## - PHYSICAL DESCRIPTION | |
| Extent | vii, 495p. : ill |
| 350 ## - PRICE (NR) (BK AM CF MU VM SE) [OBSOLETE] | |
| Price | 0.00 |
| 650 #0 - SUBJECT ADDED ENTRY--TOPICAL TERM | |
| Topical term or geographic name entry element | SOCIOLOGY |
| 650 ## - SUBJECT ADDED ENTRY--TOPICAL TERM | |
| Topical term or geographic name entry element | SOCIAL SECURITY |
| 995 ## - RECOMMENDATION 995 [LOCAL, UNIMARC FRANCE] | |
| -- | 0.00 |
| -- | CBU-MAIN LIBRARY (Kitwe) |
| -- | 1 |
| -- | 30.00 |
| -- | 1 |
| -- | AVAILABLE |
| -- | Main Library Open Access Collection |
| Withdrawn status | Lost status | Source of classification or shelving scheme | Damaged status | Not for loan | Home library | Current library | Shelving location | Date acquired | Total Checkouts | Full call number | Barcode | Date last seen | Price effective from | Koha item type |
|---|---|---|---|---|---|---|---|---|---|---|---|---|---|---|
| CBU-MAIN LIBRARY, KITWE. | CBU-MAIN LIBRARY, KITWE. | 11/30/2022 | HD 7091 Bet | 025693 | 11/30/2022 | 11/30/2022 | MONOGRAPH |